01271nab a22002657a 4500999001500000003000400015005001700019008004100036040000700077100002500084245011300109260007300222300001300295500003500308505022400343505008200567650002300649650002900672650004000701650002400741650003500765650003700800773015500837942001300992 c5554d5554OSt20251218075957.0190429b xxu||||| |||| 00| 0 spa d cPJ 96280aPalma, Mariano10aProyectiles expansivos ¿su utilización representa un exceso en la legítima defensa? /cMariano Palma. cCiudad Autónoma de Buenos Aires :aThomson Reuters La Ley, b2025. ap. 37-42 aCita: TR LALEY AR/DOC/401/2025 aSumario: I. Introducción.— II. ¿Qué establece la reglamentación al respecto?— III. El principio de seguridad.— IV. Legítima defensa.— V. ¿Existe un exceso en la legítima defensa?— VI. Conclusión. tSi te interesa el texto completo, solicitalo a koha@justierradelfuego.gov.ar  09343aDERECHO PENAL 092793aLEGÍTIMA DEFENSA 094805aEXCESO EN LA LEGITIMA DEFENSA 092794aARMA DE FUEGO 094885aDERECHOS DE LA VÍCTIMA 091215aRESPONSABILIDAD DEL ESTADO0 0265893164tRevista de derecho penal y criminología. Nº 3 - Abril 2025dCiudad Autónoma de Buenos Aires : Thomson Reuters La Ley, 2017-x00347914 2udccANA